General report
Shranjeno v:
| Format: | Knjiga |
|---|---|
| Jezik: | Undetermined |
| Izdano: |
Geneva
International labour office
1979
|
| Teme: | |
| Oznake: |
Označite
Brez oznak, prvi označite!
|
| Thư viện lưu trữ: | Trung tâm Học liệu Trường Đại học Cần Thơ |
|---|
| LEADER | 00486nam a2200169Ia 4500 | ||
|---|---|---|---|
| 001 | CTU_80790 | ||
| 008 | 210402s9999 xx 000 0 und d | ||
| 082 | |a 331.7 | ||
| 082 | |b G326 | ||
| 245 | 0 | |a General report | |
| 245 | 0 | |c International labour organisation | |
| 260 | |a Geneva | ||
| 260 | |b International labour office | ||
| 260 | |c 1979 | ||
| 650 | |a Leather industry and trade.,Leather workers | ||
| 904 | |i Trọng Hải | ||
| 980 | |a Trung tâm Học liệu Trường Đại học Cần Thơ | ||